00642nam a2200193 a 4500001001000000005001700010008004100027020001500068040001800083050002200101100002600123245008000149260002700229300004800256500002900304504003400333650002700367650005400394BRCA_192620190320203614.0000214s2000 enka---##b---#001-0#eng-d a1840146397 aDLCcDLCdDLC 4aNK2205b.E34 20001 aEdwards, Clived1947-10aEncyclopedia of Furniture Materials, Trades, and TechniquescClive Edwards. aEnglandbAshgatec2000 aviii, 254 p.bil. (algunas a color)c27 cm. aIncluye lista de figuras aBibliografía : p. [247]-25414aMueblesvEnciclopedias14aFabricación de mueblesvEnciclopediasxHistoria